000 00543nam a2200193Ia 4500
005 20250923144745.0
008 008 250917s9999 xx 000 0 eng d
037 _aTextual
040 _aDSWL
_beng
_cDSWL
041 _aeng
_2eng
084 _aY:1:7.791'N5, N00
_qDSWL
245 0 _aSocial change in Latin America today
_cEd. by Richard Adams
260 _aDelhi
_bHarper & Brothers
_c1960
300 _aivx,354p.
365 _aUSD
_b5
925 _g5
942 _cTEXL
_hY:1:7.791'N5, N00
999 _c1442979
_d1442979